Western enterprise in for eastern economic development ; China and Japan ... / (Record no. 110244)

MARC details
000 -LEADER
fixed length control field 00632nam a22001817a 4500
003 - CONTROL NUMBER IDENTIFIER
control field BD-ChCU
005 - DATE AND TIME OF LATEST TRANSACTION
control field 20251208143914.0
008 - FIXED-LENGTH DATA ELEMENTS--GENERAL INFORMATION
fixed length control field 251208b bg ||||| |||| 00| 0 ben d
040 ## - CATALOGING SOURCE
Transcribing agency BD-ChCU
082 ## - DEWEY DECIMAL CLASSIFICATION NUMBER
Edition number 22
Classification number 330.95 ALW
100 ## - MAIN ENTRY--PERSONAL NAME
Personal name Allen, G. C.
9 (RLIN) 17721
245 ## - TITLE STATEMENT
Title Western enterprise in for eastern economic development ; China and Japan ... /
Statement of responsibility, etc. G. C. Allen and Andrey G. Donnithorne
260 ## - PUBLICATION, DISTRIBUTION, ETC.
Place of publication, distribution, etc. London :
Name of publisher, distributor, etc. George Allen & Unwin,
Date of publication, distribution, etc. c1962
300 ## - PHYSICAL DESCRIPTION
Extent 291p. :
650 #0 - SUBJECT ADDED ENTRY--TOPICAL TERM
Topical term or geographic name entry element China - economic conditions Japan - Economic conditions
9 (RLIN) 17723
700 ## - ADDED ENTRY--PERSONAL NAME
Personal name Donnithorne, Andrey G.
Relator term Jt. Author
9 (RLIN) 17729
942 ## - ADDED ENTRY ELEMENTS (KOHA)
Source of classification or shelving scheme Dewey Decimal Classification
Koha item type Books
Suppress in OPAC No
Holdings
Withdrawn status Lost status Source of classification or shelving scheme Damaged status Not for loan Home library Current library Shelving location Date acquired Source of acquisition Total Checkouts Full call number Barcode Date last seen Price effective from Koha item type
    Dewey Decimal Classification     Chittagong University Library Chittagong University Library Business and Social Science Reading Room 08/12/2025 purchase   330.95 ALW 9 08/12/2025 08/12/2025 Books
© Copyright 2026. Chittagong University Library, Installation and Maintenance by Prof. Dr. Md. Alamgir, 01711306253